000 01017nam a2200301 i 4500
003 DO-SdBNP
005 20250624152850.0
007 ta
008 250624b2024 dr c|||e |||| 00| 0 spa d
020 _a9789945073058
040 _aDO-SdBNP
_bspa
_cBNPHU
_erda
082 _axxx
_bE48
_222
100 1 _aElmúdesi Espaillat, Leonor
_eautora
_4aut.
_976009
245 1 4 _aThe miracle of Consuelo :
_ba story with value for Dominican education /
_cLeonor Elmúdesi Espaillat
264 1 _aSanto Domingo :
_bEDUCA,
_c2024.
300 _a61 páginas ;
_bretratos
_c22 cm.
336 _atexto
_btxt
_2rdacontent
337 _asin mediación
_bn
_2rdamedia
338 _avolumen
_bnc
_2rdacarrier
500 _aIncluye datos biografícos de la autora en la página 61.
500 _aLibro en ingles
500 _aAbstract of the book.
504 _aBibliografía p: 53-54.
590 _aInventariado, 2025/ YL
710 1 _aAcción Empresarial por la Educación (EDUCA)
_984069
910 _aYLockward
942 _2ddc
_cLBS1
999 _c59375
_d59375